Schools of Malaysia directory 2013 - 2014.

Bibliographic Details
Format: Book
Published: Petaling Jaya, Selangor: Challenger Concept, 2013.
Subjects:
LEADER 00835cam a2200205 7i4500
001 0000031599
005 20140825090000.0
020 0 0 |a 9771675194905  
090 0 0 |a M 370.025   |b SCH 
245 0 0 |a Schools of Malaysia directory 2013 - 2014. 
260 0 0 |a Petaling Jaya, Selangor:   |b Challenger Concept,   |c 2013. 
300 # # |a 287 p. 
650 0 0 |a Education --   |x Directories --   |z Malaysia  
651 0 0 |a Malaysia  
999 |a 0000034508  |b Directories  |c Malaysia  |e Business Information Centre 
999 |a JHR000394H  |b Directories  |c Malaysia  |e Business Information Centre 
999 |a PNG001104H  |b Directories  |c Malaysia  |e MATRADE Northern Regional Office 
999 |a SBH001071H  |b Directories  |c Malaysia  |e MATRADE Sabah 
999 |a SRW000498H  |b Directories  |c Malaysia  |e MATRADE Sarawak 
999 |a TRG000382H  |b Directories  |c Malaysia  |e MATRADE Eastern Regional Office